LEADER 01083nam a2200241 i 4500 001 000000171488 003 CaOOAMICUS 005 20080430000000.0 008 080430s1964 it u000 u ita u 013 $a148919 040 $aSeMil$bita 100 1 $aSassu, Aligi$b<1912-2000>.$0(OLS)http://semarc/name/18350 245 13$aIl Concilio Vaticano secondo :$bChiesa di sant'Andrea, Pescara, Cappella del Concilio /$cAligi Sassu. 260 $a[S.l. :$bs.n.],$c1964. 300 $a1 album (22 fotografie) ;$c29 cm. 500 $aIntroduzione e frontespizio scritti a mano. - Fondo Card. Giovanni Colombo. 650 4$aSassu, Aligi - Concilio Vaticano 2. - Album fotografico.$0(OLS)http://semarc/subject/32624 850 $aSeMil 852 $aSeMil$W1$xVenegono$y1$m5T XI 22$j122357$B122357$CSeMilBibl$Z2$F133981 $8I 941 1 $a3 961 $aLascito: Colombo Card. Giovanni 996 $6245$aIl Concilio Vaticano secondo :$bChiesa di sant'Andrea, Pescara, Cappella del Concilio$9(OLS)http://semarc/title/245342 996 $6260$a[S.l. :$bs.n.]$9(OLS)http://semarc/publisher/29751 LEADER 01076nam a2200265 i 4500 001 000000096404 003 CaOOAMICUS 005 20060523000000.0 008 060523s1981 it u000 u ita u 013 $a68646 040 $aSeMil$bita 100 1 $aHerold, J. Christopher.$0(OLS)http://semarc/name/36543 245 10$aAmante di un secolo :$bvita di Madame de Staël /$cJ. Christopher Herold. 260 $aMilano :$bBompiani,$c1981. 300 $a605 p., [8] p. di tav. ;$c23 cm. 490 0 $aRitratti 500 $aContiene : Guida bibliografica. - Fondo Ciprandi. 600 04$aMadame de Staël .$0(OLS)http://semarc/subject/15001 830 0$aRitratti.$0(OLS)http://semarc/title/20872 850 $aSeMil 852 $aSeMil$W1$xVenegono$y1$m1V V 224$j56120$B56120$CSeMilBibl$Z2$F64005 $81 941 1 $a1 961 $aOmaggio: Ciprandi dott. Paolo 996 $6245$aAmante di un secolo :$bvita di Madame de Staël$9(OLS)http://semarc/title/119420 996 $6260$aMilano :$bBompiani$9(OLS)http://semarc/publisher/29706